|
|
|
|
| LEADER |
00714nam a22002171a 4500 |
| 020 |
|
|
|a 9788171101733
|c 0.00
|
| 040 |
|
|
|a SSUS - Library - Kalady
|
| 082 |
|
|
|a S 294.592 15
|b JOS/A
|
| 100 |
|
|
|a Joshi K L (ed.)
|
| 245 |
|
|
|a Atharvaveda samhita(v.1)
|h [Text]
|
| 260 |
|
|
|a New Delhi
|b Parimal
|c 2002
|
| 300 |
|
|
|a 638p.
|
| 440 |
|
|
|a Parimal Sanskrit Series
|v 55
|
| 600 |
|
|
|a Atharvaveda
|
| 600 |
|
|
|a Hinduism
|
| 600 |
|
|
|a Religion
|
| 600 |
|
|
|a Vedic Literature
|
| 852 |
|
|
|k Reference
|h S 294.592 15
|i JOS/A
|p 046433
|9 450.00
|t 0
|
| 942 |
|
|
|c REF
|
| 999 |
|
|
|c 3497
|d 3497
|
| 952 |
|
|
|0 0
|1 0
|4 0
|6 R_S_294_592000000000000_15_JOS_A
|7 0
|9 5357
|a SSUS
|b SSUS
|d 2015-01-08
|g 450.00
|o R S 294.592 15 JOS/A
|p 046433
|r 2017-12-12
|v 0.00
|w 2015-01-08
|y REF
|